MESTSKÁ KNIŽNICA GIRALTOVCE  - online katalóg 

Normal view MARC view

Entry Personal Name

Number of records used in: 5

001 - CONTROL NUMBER

  • control field: 3316

003 - CONTROL NUMBER IDENTIFIER

  • control field: OSt

005 - DATE AND TIME OF LATEST TRANSACTION

  • control field: 20220928133532.0

008 - FIXED-LENGTH DATA ELEMENTS

  • fixed length control field: 220928|| aca||aabn | a|a d

040 ## - CATALOGING SOURCE

  • Original cataloging agency: OSt
  • Transcribing agency: OSt

100 ## - HEADING--PERSONAL NAME

  • Personal name: Vengliková, Zuzana

670 ## - SOURCE DATA FOUND

  • Source citation: Work cat.: (OSt)0: Cambron, Kristy, 1979- aut 3315, Motýľ a husle

Powered by Koha